प्रिय तसलीमा नसरीन / (Record no. 120492)

MARC details
000 -LEADER
fixed length control field 01071nam a22002537a 4500
005 - DATE AND TIME OF LATEST TRANSACTION
control field 20170124103158.0
010 ## - LIBRARY OF CONGRESS CONTROL NUMBER
LC control number A-989977
020 ## - INTERNATIONAL STANDARD BOOK NUMBER
Terms of availability 75.00
International Standard Book Number 8176556910
035 ## - SYSTEM CONTROL NUMBER
System control number A-989977
037 ## - SOURCE OF ACQUISITION
Source of stock number/acquisition Cen Lib/Ret
040 ## - CATALOGING SOURCE
Original cataloging agency DPL
Language of cataloging HN
082 ## - DEWEY DECIMAL CLASSIFICATION NUMBER
Classification number 080
Item number प्रियत
245 ## - TITLE STATEMENT
Title प्रिय तसलीमा नसरीन /
Statement of responsibility, etc अनुवादक अमर गोस्वामी
246 ## - VARYING FORM OF TITLE
Title proper/short title Priya Taslima Nasrin /
Remainder of title anuvadak Amar Goswami
260 ## - PUBLICATION, DISTRIBUTION, ETC. (IMPRINT)
Place of publication, distribution, etc नई दिल्ली
Name of publisher, distributor, etc वाणी प्रकाशन
Date of publication, distribution, etc 1999
270 ## - ADDRESS
Address 21 ए दरियागंज
City नई दिल्ली
Postal code 110002
300 ## - PHYSICAL DESCRIPTION
Extent 100पृ.
Dimensions 17सेमी (सजिल्द)
650 ## - SUBJECT ADDED ENTRY--TOPICAL TERM
Topical term or geographic name as entry element लेखिका -- जीवनी -- बंगलादेश
9 (RLIN) 780
650 ## - SUBJECT ADDED ENTRY--TOPICAL TERM
Topical term or geographic name as entry element लेखिका -- जीवनी
9 (RLIN) 90707
650 ## - SUBJECT ADDED ENTRY--TOPICAL TERM
Topical term or geographic name as entry element Writer -- Biography -- Bangladesh
9 (RLIN) 90708
650 ## - SUBJECT ADDED ENTRY--TOPICAL TERM
Topical term or geographic name as entry element Writer -- Biography
9 (RLIN) 90709
700 ## - ADDED ENTRY--PERSONAL NAME
Personal name गोस्वामी, अमर
9 (RLIN) 47617
942 ## - ADDED ENTRY ELEMENTS (KOHA)
Source of classification or shelving scheme Dewey Decimal Classification
Koha item type Hindi Books
Classification part 080
Call number suffix प्रियत
Holdings
Withdrawn status Lost status Damaged status Not for loan Home library Current library Date acquired Source of acquisition Cost, normal purchase price Total Checkouts Full call number Barcode Date last seen Copy number Cost, replacement price Price effective from Koha item type Public note
Written off       Central Library Central Library 23/09/2015 Cen Lib/Ret 75.00   080 प्रियत A-989977 23/09/2015 1 75.00 23/09/2015 Hindi Books Written off on approval by DLB (By Circulation); dtd 15-06-2023

© Delhi Public Library
Hit Counter
free hit counter